000
00265nam a2200121Ia 4500
008
170620s9999 xx 000 0 und d
100
_a
MEISLICH
245
0
_a
ORGANIC CHEMISTRY
260
_b
N.DELHI TMH
260
_c
1994
300
_a
687
546
_a
English
690
_a
ORGANIC CHEMISTRY
999
_c
30689
_d
30689